Breweries by Beer Quiz Stats

 Plays Quiz not verified by Sporcle

Challenge
Share
Tweet
Embed
Score 0/20 Timer 08:00
0 Plays Today
Can you Name the Breweries by their Beer Brewery % Correct
Blue RibbonPabst
92.5%
HighlifeMiller
80%
Dead GuyRogue
72.5%
Boston LagerSamuel Adams
70%
#9 Magic Hat
52.5%
The Banquet BeerCoors
52.5%
American AleBudweiser
52.5%
Pliney the ElderRussian River
45%
Black Butte PorterDeschutes
37.5%
Honker's AleGoose Island
37.5%
Can you Name the Breweries by their Beer Brewery % Correct
Drifter Pale AleWidmer
25%
Hell or High Watermelon21st Amendment
22.5%
Hazed and InfusedBoulder
17.5%
TricerahopsNinkasi
15%
Doggie ClawsHair of the Dog
12.5%
Abbey AleNew Belgium
10%
IRADouble Mountain
7.5%
Strawberry BlondePete's Wicked Ale
7.5%
#4Upright
5%
Wilco Tango FoxtrotLagunitas Ale
0%

You're not logged in!

Compare scores with friends on all Sporcle quizzes.
Join for Free
OR
Log In

You Might Also Like...

Show Comments

Extras

Created Jul 15, 2011ReportNominate
Tags:beer, brewery

Top Quizzes Today


Score Distribution

Your Account Isn't Verified!

In order to create a playlist on Sporcle, you need to verify the email address you used during registration. Go to your Sporcle Settings to finish the process.

Report this User

Report this user for behavior that violates our Community Guidelines.

Details: